banner

Obras completas: (Registro nro. 1717)

000 -LEADER
fixed length control field 01365nam a2200313 a 4500
003 - CONTROL NUMBER IDENTIFIER
control field AR-BaISA
005 - DATE AND TIME OF LATEST TRANSACTION
control field 20250127173558.0
006 - FIXED-LENGTH DATA ELEMENTS--ADDITIONAL MATERIAL CHARACTERISTICS
fixed length control field a||||fr|||| 000 0
007 - PHYSICAL DESCRIPTION FIXED FIELD--GENERAL INFORMATION
fixed length control field ta
008 - FIXED-LENGTH DATA ELEMENTS--GENERAL INFORMATION
fixed length control field 250127s1979 ag ||||f |||| 000 0 spa d
020 ## - INTERNATIONAL STANDARD BOOK NUMBER
International Standard Book Number 8461005058
Qualifying information (Volumen 5)
020 ## - INTERNATIONAL STANDARD BOOK NUMBER
International Standard Book Number 8461005007
Qualifying information (Obra completa)
040 ## - CATALOGING SOURCE
Language of cataloging spa
Transcribing agency AR-BaISA
082 04 - DEWEY DECIMAL CLASSIFICATION NUMBER
Edition number 22
Classification number 150.195 2 F895o
100 1# - MAIN ENTRY--PERSONAL NAME
9 (RLIN) 1149
Personal name Freud, Sigmund
Relator term aut.
245 10 - TITLE STATEMENT
Title Obras completas:
Remainder of title volumen 5 (1900-01). La interpretación de los sueño (segunda parte). Sobre el sueño
Statement of responsibility, etc. Sigmund Freud; Ordenamiento, comentarios y notas de James Strachey con la colaboración de Anna Freud, asistidos por Alix Strachey y Alan Tyson; Traducción directa del alem´na de José L. Ercheverry
260 ## - PUBLICATION, DISTRIBUTION, ETC.
Place of publication, distribution, etc. Buenos Aires:
Name of publisher, distributor, etc. Amorrurtu,
Date of publication, distribution, etc. 1979
300 ## - PHYSICAL DESCRIPTION
Extent 747 p.
500 ## - GENERAL NOTE
General note La Biblioteca cuenta con los volúmenes 4, 5, 7, 10, 12, 13, 15, 16, 17, 18, 20 y 21
504 ## - BIBLIOGRAPHY, ETC. NOTE
Bibliography, etc. note Bibliografía p.: 671-706
504 ## - BIBLIOGRAPHY, ETC. NOTE
Bibliography, etc. note Índice de sueños p.: 707-712
504 ## - BIBLIOGRAPHY, ETC. NOTE
Bibliography, etc. note Índice de símbolos p.: 713-714
504 ## - BIBLIOGRAPHY, ETC. NOTE
Bibliography, etc. note Índice p.: 715-747
505 ## - FORMATTED CONTENTS NOTE
Title La interpretación de los sueños (continuación) --
-- Sobre la psicología de los procesos oníricos --
-- Sobre el sueño (1901)
650 14 - SUBJECT ADDED ENTRY--TOPICAL TERM
9 (RLIN) 141
Topical term or geographic name entry element Psicoanálisis
700 ## - ADDED ENTRY--PERSONAL NAME
9 (RLIN) 3546
Personal name Etcheverry, José L.
Relator term tr.
700 ## - ADDED ENTRY--PERSONAL NAME
9 (RLIN) 1931
Personal name Freud, Anna
Relator term aut.
942 ## - ADDED ENTRY ELEMENTS (KOHA)
Source of classification or shelving scheme
Koha item type Libros
Edition 22
Existencias
Withdrawn status Lost status Source of classification or shelving scheme Damaged status Not for loan Permanent Location Current Location Date acquired Inventory number Total Checkouts Total Renewals Full call number Barcode Checked out Date last seen Date last checked out Copy number Price effective from Koha item type Public note
          Biblioteca ISALUD. Dr. Néstor Rodríguez Campoamor Biblioteca ISALUD. Dr. Néstor Rodríguez Campoamor 2025-01-27 5337 2 1 150.195 2 F895o 5337 2026-04-14 2026-03-31 2026-03-31 t. 5 2025-01-27 Libros Donación de Araceli López